| 000 | 00499nam a22001577a 4500 | ||
|---|---|---|---|
| 003 | 0 | ||
| 005 | 20160609165802.0 | ||
| 008 | 100915t xxu||||| |||| 00| 0 eng d | ||
| 020 | _a978-92-5-205807-6 | ||
| 040 |
_aBIDOC _bfr _cbidoc |
||
| 110 |
_aFAO/OMS _99058 |
||
| 245 | _aCadre FAO/OMS pour la fourniture d'avis scientifiques sur la sécurité sanitaire des aliments et la nutrition | ||
| 260 |
_aRome/Genève _bFAO/OMS _c2007 |
||
| 300 |
_aviii-42 p. _bcouv. ill. en coul. _c30 cm. |
||
| 942 | _cLIVR | ||
| 999 |
_c47687 _d47687 |
||